000 00709nam a2200157Ia 4500
008 220216s9999 xx 000 0 und d
100 _aJoseph A
245 0 _aInactivation of phytotoxin produced by corynespora cassiicola causing corynespora leaf fall disease of Hevea brasiliensis
260 _bIPS-MEZ Annual Meeting & National Symposium on Advances in Microbial Diversity and Disease Management for Sustainable Crop Production, 13-15 October 2008, College of Forestry and Hill Agriculture, Ranichauri, Uttarakhand: Souvenir and Abstracts. pp. 196.
650 _aCorynespora cassiicola
650 _aPhytotoxin
700 _aDivakar Karuna
700 _aJacob C K
700 _aPhilip S
942 _cJS
999 _c60969
_d60969